000
00240 a2200109 4500
245
_a
Ghost Voyages
_h
Text
020
_a
059074058X
100
_a
Taylor Cora
650
_a
English Novel
005
20191017173106.0
260
_a
Canada
_b
Scholastic
_c
1936
084
_a
NONE
999
_c
9786
_d
9786